000 00521nam a22001697a 4500
005 20241101081011.0
008 241101b |||||||| |||| 00| 0 eng d
020 _a0406096538
041 _aEnglish
082 _a349 LAW
100 _lEnglish
245 _aThe Law Reports: Queen's Bench Division
260 _aLondon:
_bThe Incorporated Council of Law Reporting for England and Wales,
_c1989
300 _bxi, 896 pages;
_c25 cm.
650 _aLegal practice
_bLaw
942 _cBK
_6ALISON_BN_VRIES
999 _c3227
_d3227